Online
Catalog

La recámara aislante del tiempo / (Record no. 50461)

MARC details
000 -CABECERA
campo de control de longitud fija 01134nam a2200265 a 4500
001 - NÚMERO DE CONTROL
campo de control 000044949
003 - IDENTIFICADOR DEL NÚMERO DE CONTROL
campo de control DO-SdBNP
005 - FECHA Y HORA DE LA ÚLTIMA TRANSACCIÓN
campo de control 20240412074308.0
008 - DATOS DE LONGITUD FIJA--INFORMACIÓN GENERAL
campo de control de longitud fija 150122s2018 dr 000 j spa d
020 ## - NÚMERO INTERNACIONAL ESTÁNDAR DEL LIBRO
Número Internacional Estándar del Libro 9789945589405
040 ## - FUENTE DE LA CATALOGACIÓN
Centro catalogador/agencia de origen DO-SdBNP
Lengua de catalogación spa
Centro/agencia transcriptor BNPHU
082 #4 - NÚMERO DE LA CLASIFICACIÓN DECIMAL DEWEY
Número de clasificación RD863.44
Número de documento/Ítem C527r 2018
Número de edición 22
100 1# - ENTRADA PRINCIPAL--NOMBRE DE PERSONA
Nombre de persona Chevalier, Nan,
Fechas asociadas al nombre 1965-
9 (RLIN) 350
245 13 - MENCIÓN DE TÍTULO
Título La recámara aislante del tiempo /
Mención de responsabilidad, etc. Nan Chevalier.
250 ## - MENCIÓN DE EDICIÓN
Mención de edición 2da. ed.
260 ## - PUBLICACIÓN, DISTRIBUCIÓN, ETC.
Lugar de publicación, distribución, etc. Santo Domingo :
Nombre del editor, distribuidor, etc. Santuario,
Fecha de publicación, distribución, etc. 2018.
300 ## - DESCRIPCIÓN FÍSICA
Extensión 106 p. ;
Dimensiones 23 cm.
500 ## - NOTA GENERAL
Nota general Incluye datos biografícos del autor en las solapas
505 0# - NOTA DE CONTENIDO CON FORMATO
Nota de contenido con formato Túnel hacia el pasado --
Título El condenado--
-- Nuevas noticias sobre el dominio --
-- La noche de San Juan --
-- Estefanía --
-- El necio --
-- Descenso siniestro --
-- El visitante --
-- La maleta del forastero --
-- El ufólogo --
-- Espectros de la tormenta solar --
-- Invasión en el Puerto de Plata --
-- Rapto en alta mar --
-- La recámara aislante del tiempo.
590 ## - NOTA LOCAL (RLIN)
Nota local Inventariado, 202 /LP
650 #0 - PUNTO DE ACCESO ADICIONAL DE MATERIA--TÉRMINO DE MATERIA
Término de materia o nombre geográfico como elemento de entrada Cuentos dominicanos
9 (RLIN) 176
650 #0 - PUNTO DE ACCESO ADICIONAL DE MATERIA--TÉRMINO DE MATERIA
Término de materia o nombre geográfico como elemento de entrada Literatura dominicana.
9 (RLIN) 67
910 ## - DATOS DE OPCIÓN DEL USUARIO (OCLC)
Datos de opción del usuario Validado. Control de calidad MFF
942 ## - ELEMENTOS DE PUNTO DE ACCESO ADICIONAL (KOHA)
Fuente del sistema de clasificación o colocación Dewey Decimal Classification
Tipo de ítem Koha Libro
Holdings
Estado de retiro Estado de pérdida Fuente del sistema de clasificación o colocación Restricciones de uso No para préstamo Código de colección Localización permanente Ubicación/localización actual Ubicación en estantería Fecha de adquisición Fuente de adquisición Total de préstamos Signatura topográfica completa Código de barras Fecha visto por última vez Precio válido a partir de Tipo de ítem Koha Número de copia
    Dewey Decimal Classification Excluido de préstamo   Patrimonio Dominicano Biblioteca Nacional Pedro Henríquez Ureña Biblioteca Nacional Pedro Henríquez Ureña Depósito 09.09.2021 Depósito Legal   BNPHU PD RD863.44 C527r 2018 2021-26284 09.09.2021 09.09.2021 Libro  
    Dewey Decimal Classification Excluido de préstamo   Patrimonio Dominicano Biblioteca Nacional Pedro Henríquez Ureña Biblioteca Nacional Pedro Henríquez Ureña Depósito 09.09.2021 Depósito Legal   BNPHU PD RD863.44 C527r 2018 2021-26285 09.09.2021 09.09.2021 Libro e.2
    Dewey Decimal Classification Préstamo en sala   Dominicana de Servicio Biblioteca Nacional Pedro Henríquez Ureña Biblioteca Nacional Pedro Henríquez Ureña Depósito 09.09.2021 Depósito Legal   BNPHU DS RD863.44 C527r 2018 2021-26286 09.09.2021 09.09.2021 Libro e.3

Powered by Koha